| 000 | 01267nam a2200289Ia 4500 | ||
|---|---|---|---|
| 003 | GCL | ||
| 005 | 20240530110859.0 | ||
| 008 | 140319s2005 ua g b 000 0 ara d | ||
| 016 |
_a2005/10206 _2مصر. دار الكتب |
||
| 040 |
_aGCL / _cGCL |
||
| 082 | 0 | 4 |
_a303.482/ _bج ف |
| 100 | 1 | _aجوسلان، شارل | |
| 245 | 1 | 2 |
_aالفرانكفونية العربية : _bدراسات وشهادات / _cتقديم شارل جوسلان ؛ تمهيد غسان سلامة ؛ تصدير بطرس بطرس غالى ؛ ترجمة جيهان عيسوى ؛ مراجعة منى صفوت |
| 260 |
_aالقاهرة : _bالمجلس الاعلى للثقافة، _c2005. |
||
| 300 |
_a332 ص. ؛ _c24 سم. |
||
| 490 | 0 |
_aالمشروع القومى للترجمة ؛ _v79 |
|
| 504 | _aيشتمل على ارجاعات ببليوجرافية | ||
| 650 | 0 | 7 |
_2qrmak _aالتغير الاجتماعى |
| 650 | 0 | 7 |
_2qrmak _aالاحوال الاجتماعية |
| 650 | 0 | 7 |
_2qrmak _aاللغة العامية |
| 650 | 0 | 7 |
_2qrmak _aالاحوال الثقافية |
| 700 | 0 | 7 |
_aغسان سلامة _eممهد |
| 700 | 0 | 7 |
_aبطرس بطرس غالى _eمصدر |
| 700 | 0 | 7 |
_aجيهان عيسوى _eمترجم |
| 700 | 0 | 7 |
_aمنى صفوت _eمراجع |
| 942 |
_2ddc _cBK |
||
| 999 |
_c66101 _d66101 |
||